000 00319nam a22001217a 4500
008 170131b xxu||||| |||| 00| 0 eng d
041 _aeng
080 _a61
100 _a3
101 _aSHMI
245 _aCHRONIC ILLNESS AND DISABILITY THROUGH THE LIFESPAN EFFECTS ON SELF AND FAMILY
_cEISENBERG, M.G
942 _2udc
_cBK
999 _c4047
_d4047